Slovenian Soccer Premiership Top 4 Positions - Statistics

General Stats
  • This quiz has been taken 87 times
  • The average score is 7 of 14
Answer Stats
Answer % Correct
Maribor
99%
Olimpija Ljubljana
82%
Celje
75%
Domzale
67%
Koper
67%
NS Mura
64%
Rudar Velenje
51%
Gorica
49%
Ljubljana
43%
Primorje
34%
Drava Ptuj
33%
Korotan Prevalje
25%
Izola
24%
Smartno
6%
No matching quizzes found
Score Distribution
Percent of People with Each Score
Percentile by Number Answered
Your Score History
You have not taken this quiz